Statistics for Mal's Tennis Facts Challenge

Click here to take the quiz!

General Stats

  • This quiz has been taken 41 times
  • The average score is 8 of 20

Answer Stats

HintAnswer% Correct
In 2010 Who beat Nicolas Mahut in the longest match ever at Wimbledon (183 games)John Isner
91%
As at 2015, who has been World No. 1 for Men the most weeks (302)Roger Federer
85%
Who is the only Brazilian Man to be Worlds No. 1 Tennis PlayerGustavo Kuerten
82%
After Wimbledon, which is the second oldest Grand Slam event (1881)US Open
74%
Who is the last French Male to win a Grand Slam (French Open 1983)Yannick Noah
50%
Who is the only Male player to win a 'Double Grand Slam'Rod Laver
47%
Who Served the most Aces in a match (113)John Isner
41%
Who has won the most Grand Slam TitlesMargaret Smith Court
41%
Who is the Youngest Male to win Wimbledon SinglesBoris Becker
38%
Who is the youngest 'Male' player to become World No. 1 at 20 years 268 daysLLeyton Hewitt
38%
Who holds the record for the Fastest Serve in Men's Tennis 163.4 mph (263k)Samuel Groth
38%
What Fruit is represented on the top of the Men's Wimbledon TrophyPineapple
32%
Who holds the record for the most 'Consecutive' Grand Slam Appearances' ( 64 ) as of 2015Roger Federer
29%
Who holds the record for the Fastest Serve in Women's Tennis 131 mph (211 k)Sabine Lisicki
26%
In what Year was the last Wooden Racket used at Wimbledon1987
21%
As at 2015, who has held the World No. 1 for Women the most weeks (377)Steffi Graf
21%
In what year were Yellow Balls introduced at Wimbledon1986
18%
Who is the last 'Married Woman' to win the Wimbledon SinglesChris Evert Lloyd
6%
In what year was the first Woman Umpire at Wimbledon1981
3%
What is the only Wimbledon Winner's name to have ALTERNATING 'Vowels & Consonants'Goran Ivanisevic
0%

Score Distribution

Percentile by Number Answered

Percent of People with Each Score

Your Score History

You have not taken this quiz